Estadísticas para Nombra una Capital Válida #1

Haz click aquí para intentar la prueba.

Estadísticas generales

  • Esta prueba ha sido intentada 1.739 veces
  • La puntuación promedio es 10 de 18

Estadísticas de respuestas

Nombra una capital que...Respuesta% Correcto
Está a menos de 15 kilómetros del MediterráneoArgel | Atenas | Roma | +5 otros
96%
Está más al norte que MoscúReikiavik | Helsinki | Oslo | +3 otros
96%
esté en Centroamérica (no naciones isleñas)Ciudad de Panamá | Managua | Tegucigalpa +3 otros
89%
Tiene una elevación de más de 2500 metrosLa Paz | Sucre | Quito | Timbu | Bogotá
72%
Está a más de 1.200 km de cualquier otra capitalCanberra | Wellington | Reikiavik | Brasilia | +7 otros
69%
Es capital de una de las Repúblicas BálticasRiga | Vilna | Tallin
67%
Empieza por "Puerto" (o cualquier variación de la palabra)Port Vila | Puerto España | Port Moresby | +3 otros
59%
Fue la capital de una nación soberana en el año 1 d.C.Roma
59%
Está a más de 850 km del océanoAstana | Brasilia | Nueva Delhi | +13 otros
57%
Empiece con la letra JJartum | Jerusalén
54%
Se encuentra a menos de 2° grados de latitud del ecuadorQuito | Kampala | Singapur | +5 otros
54%
Está en el Golfo PérsicoKuwait | Doha | Abu Dabi | Manama
50%
Es la capital de un país de Oceanía distinto de
Australia y Nueva Zelanda
Apia | Honiara | Port Moresby | +9 otros
44%
No era la capital de un Estado soberano en 1995Astaná | Dili | Gitega | Yuba | Naipyidó | +3 otros
42%
Recibe menos de 8 cm de precipitaciones al añoLima | El Cairo | Abu Dabi | Manama | Doha
41%
Lleva el nombre de una persona nacida después de 1500 D.C.Monrovia | Wellington | Washington D.C. | +8 otros
34%
Se encuentra en un lago o mar interior de más de 3.000 km²Bakú | Kampala
29%
Tiene una sola sílaba *Riad | Minsk | Kiev
22%

Distribución de puntuación

Porcentaje por número respondido

Porcentaje de gente con cada puntuación

Historial de tus puntuaciones

No has intentado esta prueba.